<?xml version="1.0" encoding="UTF-8"?>
<record
    xmlns:xsi="http://www.w3.org/2001/XMLSchema-instance"
    xsi:schemaLocation="http://www.loc.gov/MARC21/slim http://www.loc.gov/standards/marcxml/schema/MARC21slim.xsd"
    xmlns="http://www.loc.gov/MARC21/slim">

  <leader>01211nam0a2200313   4500</leader>
  <controlfield tag="001">RU\NLR\bibl\1383435</controlfield>
  <controlfield tag="005">20260409071057.0</controlfield>
  <datafield tag="010" ind1=" " ind2=" ">
    <subfield code="a">978-5-87210-190-1</subfield>
    <subfield code="9">1500</subfield>
  </datafield>
  <datafield tag="021" ind1=" " ind2=" ">
    <subfield code="a">RU</subfield>
    <subfield code="b">2009-31915</subfield>
    <subfield code="9">1929</subfield>
  </datafield>
  <datafield tag="035" ind1=" " ind2=" ">
    <subfield code="a">(NLR Aleph) 001375510</subfield>
  </datafield>
  <datafield tag="090" ind1=" " ind2=" ">
    <subfield code="a">1068853</subfield>
    <subfield code="c">1068853</subfield>
  </datafield>
  <datafield tag="100" ind1=" " ind2=" ">
    <subfield code="a">20090618d2008    |||y0rusy50      ca</subfield>
  </datafield>
  <datafield tag="101" ind1="1" ind2=" ">
    <subfield code="a">rus</subfield>
    <subfield code="c">und</subfield>
  </datafield>
  <datafield tag="102" ind1=" " ind2=" ">
    <subfield code="a">RU</subfield>
  </datafield>
  <datafield tag="105" ind1=" " ind2=" ">
    <subfield code="a">c   |||||||||</subfield>
  </datafield>
  <datafield tag="200" ind1="1" ind2=" ">
    <subfield code="a">&#x421;&#x442;&#x43E; &#x441;&#x442;&#x438;&#x445;&#x43E;&#x432;, &#x441;&#x442;&#x43E; &#x43F;&#x438;&#x441;&#x435;&#x43C;</subfield>
    <subfield code="f">&#x421;&#x430;&#x442;&#x441;&#x432;&#x430;&#x440;&#x443;&#x43F;&#x430; &#x414;&#x430;&#x441; &#x413;&#x43E;&#x441;&#x432;&#x430;&#x43C;&#x438;, &#x425;&#x438;&#x43C;&#x430;&#x432;&#x430;&#x442;&#x438; &#x434;&#x435;&#x432;&#x438; &#x434;&#x430;&#x441;&#x438;</subfield>
    <subfield code="g">[&#x43F;&#x435;&#x440;. - &#x425;&#x438;&#x43C;&#x430;&#x432;&#x430;&#x442;&#x438; &#x434;.&#x434;., &#x41D;&#x430;&#x43C;&#x430;&#x43C;&#x440;&#x438;&#x442;&#x430; &#x434;.]</subfield>
  </datafield>
  <datafield tag="210" ind1=" " ind2=" ">
    <subfield code="a">&#x41C;&#x43E;&#x441;&#x43A;&#x432;&#x430;</subfield>
    <subfield code="c">&#x413;&#x438;&#x442;&#x430;-&#x41D;&#x430;&#x433;&#x430;&#x440;&#x438; &#x41F;&#x440;&#x435;&#x441;&#x441;</subfield>
    <subfield code="d">2008</subfield>
  </datafield>
  <datafield tag="215" ind1=" " ind2=" ">
    <subfield code="a">478, [2] c., [2] &#x43B;. &#x446;&#x432;. &#x43F;&#x43E;&#x440;&#x442;&#x440;.</subfield>
    <subfield code="d">21</subfield>
  </datafield>
  <datafield tag="606" ind1=" " ind2=" ">
    <subfield code="a">&#x41A;&#x440;&#x438;&#x448;&#x43D;&#x430;&#x438;&#x437;&#x43C;</subfield>
    <subfield code="3">RU\NLR\auth\66487468</subfield>
    <subfield code="9">1203333</subfield>
  </datafield>
  <datafield tag="686" ind1=" " ind2=" ">
    <subfield code="a">&#x42D;331.8</subfield>
  </datafield>
  <datafield tag="686" ind1=" " ind2=" ">
    <subfield code="a">&#x428;6(5&#x418;&#x434;)67-5&#x44F;44{&#x41B;&#x445;2140}</subfield>
  </datafield>
  <datafield tag="700" ind1=" " ind2="0">
    <subfield code="4">070</subfield>
    <subfield code="8">rus</subfield>
    <subfield code="7">ca</subfield>
    <subfield code="a">&#x421;&#x430;&#x442;&#x441;&#x432;&#x430;&#x440;&#x443;&#x43F;&#x430; &#x434;&#x430;&#x441;&#x430; &#x413;&#x43E;&#x441;&#x432;&#x430;&#x43C;&#x438;</subfield>
    <subfield code="f">1939-</subfield>
    <subfield code="3">RU\NLR\AUTH\779341</subfield>
    <subfield code="9">119174</subfield>
  </datafield>
  <datafield tag="701" ind1=" " ind2="1">
    <subfield code="4">070</subfield>
    <subfield code="8">rus</subfield>
    <subfield code="7">ca</subfield>
    <subfield code="a">&#x425;&#x438;&#x43C;&#x430;&#x432;&#x430;&#x442;&#x438; &#x434;&#x435;&#x432;&#x438; &#x434;&#x430;&#x441;&#x438;</subfield>
    <subfield code="f">-2006</subfield>
    <subfield code="3">RU\NLR\AUTH\7788909</subfield>
    <subfield code="9">71837</subfield>
  </datafield>
  <datafield tag="801" ind1=" " ind2="0">
    <subfield code="a">RU</subfield>
    <subfield code="b">NLR</subfield>
    <subfield code="c">20090618</subfield>
    <subfield code="g">RCR</subfield>
  </datafield>
  <datafield tag="801" ind1=" " ind2="1">
    <subfield code="a">RU</subfield>
    <subfield code="b">NLR</subfield>
    <subfield code="c">20090618</subfield>
  </datafield>
  <datafield tag="942" ind1=" " ind2=" ">
    <subfield code="c">BOOK</subfield>
  </datafield>
  <datafield tag="980" ind1=" " ind2=" ">
    <subfield code="a">NB</subfield>
  </datafield>
  <datafield tag="995" ind1=" " ind2=" ">
    <subfield code="5">2009-06-18</subfield>
    <subfield code="a">ad</subfield>
    <subfield code="b">NLR01</subfield>
    <subfield code="c">NLR01</subfield>
    <subfield code="e">RF9</subfield>
    <subfield code="f">2944284</subfield>
    <subfield code="k">2009-3/19889</subfield>
    <subfield code="o">0</subfield>
    <subfield code="r">BOOK</subfield>
    <subfield code="s">2009319889_</subfield>
  </datafield>
  <datafield tag="995" ind1=" " ind2=" ">
    <subfield code="5">2009-06-18</subfield>
    <subfield code="a">ad</subfield>
    <subfield code="b">NLR01</subfield>
    <subfield code="c">NLR01</subfield>
    <subfield code="e">RF9</subfield>
    <subfield code="f">2944285</subfield>
    <subfield code="k">2009-3/19889</subfield>
    <subfield code="o">0</subfield>
    <subfield code="r">BOOK</subfield>
    <subfield code="s">2009319889_</subfield>
  </datafield>
</record>
